| 000 | 00712nam a22002177a 4500 | ||
|---|---|---|---|
| 005 | 20240530110547.0 | ||
| 008 | 160611s2014 ua g 000 0 ara d | ||
| 017 |
_a2013/22308 _bمصر . دار الكتب المصرية |
||
| 020 | _a9789774278655 | ||
| 040 | _aEG-CaGPL | ||
| 082 | 0 | 4 |
_221 _a922.6\ _bع ف |
| 100 | 0 | _aعمار على حسن . | |
| 245 | 1 | 0 |
_aفرسان العشق الالهى / _cعمار على حسن . |
| 250 | _aط1. | ||
| 260 |
_aالقاهرة : _bالدار المصرية اللبنانية ، _c2014 . |
||
| 300 |
_a550 ص ؛ _c20 سم . |
||
| 650 | 0 | 4 | _aالتصوف . |
| 650 | 0 | 4 | _aالمتصوفون . |
| 942 |
_2ddc _cBK |
||
| 999 |
_c62387 _d62387 |
||